MCU villains (2008-2023) - Statistics

General Stats
  • This quiz has been taken 125 times
    33 since last reset
  • The average score is 28 of 33
Answer Stats
movie villain % Correct
Iron-Man (2008) Iron-Monger
96%
Thor (2011) Loki
96%
The Avengers (2012) Loki
96%
Captain America: The First Avenger (2011) Red-Skull
96%
Doctor Strange (2016) Dormammu
93%
Spider-Man: No Way Home (2021) Green Goblin
93%
Thor: Ragnarok (2017) Hela
93%
Black Panther (2018) Kill Monger
93%
Spider-Man: Far From Home (2019) Mysterio
93%
Avengers: Infinity War (2018) Thanos
93%
Avengers: Endgame (2019) Thanos
93%
Captain America: The Winter Soldier (2014) The Winter Soldier
93%
Avengers: Age Of Ultron (2015) Ultron
93%
Spider-Man: Homecoming (2017) Vulture
93%
Ant-Man and the Wasp: Quantumania (2023) Kang the Conquerer
89%
Doctor Strange: In The Multiverse Of Madness (2022) Scarlet Witch
89%
The Incredible Hulk (2008) Abomination
86%
Guardians of the Galaxy: Vol. 2 (2017) Ego
86%
Thor: The Dark World (2013) Malekith
86%
Black Panther: Wakanda Forever (2022) Namor
86%
Iron-Man 2 (2010) Whiplash
86%
Captain America: Civil War (2016) Zemo
86%
Ant-Man and the Wasp (2018) Ghost
82%
Thor: Love And Thunder (2022) Gorr The God Butcher
82%
Guardians of the Galaxy (2014) Ronan the Accuser
82%
Ant-Man (2015) Yellow Jacket
82%
Black Widow (2021) Taskmaster
79%
Shang-Chi: And The Legend Of The Ten Rings (2021) The Mandarin
79%
Iron-Man 3 (2013) Aldrich Killian
75%
Eternals (2021) Icarus
64%
Captain Marvel (2019) Yon-Rogg
64%
Guardians Of The Galaxy: Vol. 3 (2023) High Evolutionary
61%
The Marvels (2023) Dar-Benn
43%
No matching quizzes found
Score Distribution
Percent of People with Each Score
Percentile by Number Answered
Your Score History
You have not taken this quiz since the last reset